[Event "Katowice op"]
[Site "Katowice"]
[Date "1992.??.??"]
[Round "6"]
[White "Shtyrenkov, Veniamen"]
[Black "Kiselev, Sergey"]
[Result "1-0"]
[WhiteElo "2440"]
[BlackElo "2540"]

1.e4 c5 2.Nf3 Nc6 3.Bb5 g6 4.O-O Bg7 5.Re1 e5 6.Bxc6 dxc6 7.d3 Qe7 8.a4 Nf6
9.Nbd2 O-O 10.Nc4 Ne8 11.Be3 Nc7 12.a5 Rd8 13.Qc1 Nb5 14.h3 f6 15.Bh6 Be6
16.Bxg7 Kxg7 17.b3 Qc7 18.Ne3 Qd7 19.Nh2 h5 20.Nf3 Qc7 21.Rf1 Rh8 22.h4 Qd7
23.Qe1 Qe7 24.Nd2 Nd4 25.f3 Rhd8 26.Qf2 b5 27.Kh2 Bf7 28.g3 Rd6 29.f4 Rad8
30.Rae1 Rh8 31.f5 Qd8 32.fxg6 Bxg6 33.c3 Ne6 34.Nf5+ Bxf5 35.exf5 Nf8 36.Ne4 Rd5
37.Nxc5 Kg8 38.b4 Rh7 39.Re4 Qe7 40.d4 Qc7 41.Ne6 Qd6 42.dxe5 Rxe5 43.Rxe5 Qxe5
44.Nxf8 Kxf8 45.Qf3 Rg7 46.Rg1 Rg4 47.Kh3 Qe4 48.Qf2 Rg7 49.Re1 Qg4+ 50.Kh2 Rd7
51.Re6 Kf7 52.a6 Qd1 53.Re2 Qd3 54.Re3 Qd1 55.Qf3 Qxf3 56.Rxf3 c5 57.bxc5 Rd5
58.c6 Rd6 59.c7 Rc6 60.Rd3 Rxc7 61.Rd5 Ke7 62.Rxb5 Rxc3 63.Rb7+ Kd6 64.Rxa7 Ke5
65.Rg7 Ke4 66.a7 Ra3 67.Kg2 Ra2+ 68.Kf1 Ke3 69.g4 hxg4 70.h5 Kf3 71.Ke1 g3
72.h6 g2 73.h7 Re2+ 74.Kd1 Re8 75.Rg8 Kf2 76.Rxe8 g1=Q+ 77.Kc2  1-0

[Event "Katowice op"]
[Site "Katowice"]
[Date "1992.??.??"]
[Round "8"]
[White "Kuczynski, Robert"]
[Black "Bielczyk, Jacek"]
[Result "1-0"]
[WhiteElo "2500"]
[BlackElo "2380"]

1.e4 c5 2.Nf3 Nc6 3.Bb5 g6 4.O-O Bg7 5.c3 a6 6.Bxc6 dxc6 7.h3 Nf6 8.Re1 O-O
9.d4 cxd4 10.cxd4 Ne8 11.Nc3 Nc7 12.Be3 f5 13.exf5 Bxf5 14.Bg5 Bf6 15.Qb3+ Kh8
16.Bh6 Bg7 17.Bxg7+ Kxg7 18.Qxb7 Bxh3 19.Qxc6 Bg4 20.Ne5 Be6 21.Qc5 Rc8 22.Nc6 Qd6
23.Nxe7 Qf4 24.d5 Bh3 25.Qe3  1-0

[Event "Katowice op"]
[Site "Katowice"]
[Date "1992.??.??"]
[Round "9"]
[White "Bielczyk, Jacek"]
[Black "Panchenko, Alexander N"]
[Result "1/2-1/2"]
[WhiteElo "2380"]
[BlackElo "2460"]

1.e4 c5 2.Nf3 Nc6 3.Bb5 e6 4.O-O Nge7 5.Nc3 Ng6 6.Re1 Be7 7.d4 cxd4 8.Nxd4 O-O
9.Bf1 a6 10.a4 Qc7 11.Be3 Na5 12.Nce2 b6 13.f4 Bb7 14.f5 Ne5 15.Ng3 Rfe8
16.Kh1 Bf8 17.b3 Rad8 18.Bf4 d6 19.Rc1 Rc8 20.c4 Nac6 21.Nxc6 Bxc6 22.b4 Bb7
23.Qb3 Rb8 24.Qa2 a5 25.bxa5 bxa5 26.c5 dxc5 27.Bb5 Bd6 28.Bxe8 Rxe8 29.fxe6 Rxe6
30.Nf5 Bf8 31.Rb1 Bc6 32.Qb2 Bxa4 33.h3 h5 34.Ne3 Bd6 35.Nf5 Bf8 36.Ne3 Bd6
37.Nf5 c4 38.Nxd6 Qxd6 39.Qc3 Qc5 40.Ra1 Nd3 41.Rxa4 Nxf4 42.Qxc4 Qg5 43.Ra2 Rg6
44.Qc8+ Kh7 45.Qf5 Nd3 46.Rf1 Nb4 47.Qxg5 Rxg5 48.Ra4 Kg6 49.Rfa1 Nd3 50.Kh2 Nc5
51.Rc4 a4 52.Rac1 Nb3 53.R1c2 Ra5 54.Ra2 a3 55.Kg3 f6 56.Rc3 Nd2 57.Rcxa3 Nxe4+
58.Kf4 Rxa3 59.Rxa3 Nc5 60.Rg3+ Kf7 61.Ra3 Kg6 62.Ra5 Nd3+ 63.Ke4 Ne5 64.Ra7 Nc4
65.Rd7 Ne5 66.Rc7 Nf7 67.Kd5 Nh6 68.Ke6 Nf5 69.Rc3 Nh6 70.Rg3+ Kh7 71.Ra3 Kg6
72.Rg3+ Kh7 73.Rf3 Kg6 74.Rg3+ Kh7 75.Rd3 Kg6 76.Rg3+  1/2-1/2

[Event "JUG-ch"]
[Site "Kladovo"]
[Date "1992.??.??"]
[Round "1"]
[White "Zakic, Srdjan"]
[Black "Bakic, Rados"]
[Result "1/2-1/2"]
[WhiteElo "2345"]
[BlackElo "2410"]

1.e4 c5 2.Nf3 Nc6 3.Bb5 Nf6 4.Nc3 e5 5.Bxc6 dxc6 6.Nxe5 Nxe4 7.Nxe4 Qd5 8.Qe2 Qxe5
9.d4 cxd4 10.f4 Qa5+ 11.Bd2 Bb4 12.Nd6+ Kd7 13.Nxf7 Bxd2+ 14.Qxd2 Qxd2+ 15.Kxd2 Rf8
16.Ne5+ Kd6 17.Rhf1  1/2-1/2

[Event "JUG-ch"]
[Site "Kladovo"]
[Date "1992.??.??"]
[Round "3"]
[White "Zakic, Srdjan"]
[Black "Tosic, Miroslav"]
[Result "1/2-1/2"]
[WhiteElo "2345"]
[BlackElo "2435"]

1.e4 c5 2.Nf3 Nc6 3.Bb5 Qc7 4.O-O e6 5.Nc3 Nge7 6.d4 Nxd4 7.Nxd4 cxd4 8.Qxd4 a6
9.Ba4 Nc6 10.Bxc6 bxc6 11.e5 c5  1/2-1/2

[Event "JUG-ch"]
[Site "Kladovo"]
[Date "1992.??.??"]
[Round "5"]
[White "Popov, Stevan"]
[Black "Vukovic, Zdravko"]
[Result "1/2-1/2"]
[WhiteElo "2340"]
[BlackElo "2430"]

1.e4 c5 2.Nf3 Nc6 3.Bb5 Nf6 4.Nc3 g6 5.O-O Bg7 6.Re1 O-O 7.e5 Ne8 8.Bxc6 dxc6
9.a4 Nc7 10.d3 Bg4 11.h3 Bxf3 12.Qxf3 Ne6 13.Re4 Nd4 14.Qd1 f5 15.exf6 exf6
16.Re1 f5 17.Bf4 g5 18.Be5 Bxe5 19.Rxe5 Qf6 20.Re1 Rf7 21.Ne2 Nxe2+ 22.Qxe2 Qxb2
23.Qe3 Qxc2 24.Qxg5+ Rg7 25.Qh5  1/2-1/2

[Event "JUG-ch"]
[Site "Kladovo"]
[Date "1992.??.??"]
[Round "8"]
[White "Brajovic, Radovan"]
[Black "Vukovic, Zdravko"]
[Result "0-1"]
[WhiteElo "2295"]
[BlackElo "2430"]

1.e4 c5 2.Nf3 Nc6 3.Bb5 Nf6 4.Nc3 g6 5.e5 Ng4 6.Qe2 Bg7 7.Bxc6 dxc6 8.h3 Nh6
9.g4 O-O 10.d3 f5 11.g5 Nf7 12.e6 Nd6 13.Bf4 Nb5 14.Nxb5 cxb5 15.O-O Qd5
16.Rfe1 b6 17.c3 Bb7 18.Kg2 Rfd8 19.Bc7 Rdc8 20.Bf4 b4 21.c4 Qxf3+ 22.Qxf3 Bxf3+
23.Kxf3 Bxb2 24.Rad1 Bc3 25.Re2 Rc6 26.Be5 Bxe5 27.Rxe5 Rd8 28.Ke3 Rdd6 29.d4 Rxe6
30.f4 cxd4+ 31.Rxd4 Kf7  0-1

[Event "JUG-ch"]
[Site "Kladovo"]
[Date "1992.??.??"]
[Round "9"]
[White "Popov, Stevan"]
[Black "Rodic, Dragan"]
[Result "1-0"]
[WhiteElo "2340"]
[BlackElo "2350"]

1.e4 c5 2.Nf3 Nc6 3.Bb5 g6 4.O-O Bg7 5.c3 e5 6.d4 cxd4 7.cxd4 exd4 8.Bf4 Nge7
9.Bd6 O-O 10.a4 h6 11.Nbd2 a6 12.Bc4 Kh7 13.Re1 Na5 14.Bd5 Nxd5 15.Bxf8 Qxf8
16.exd5 Qd6 17.Nb3 Nxb3 18.Qxb3 b6 19.Rad1 Qc5 20.d6 Bb7 21.Qxf7 Bxf3 22.Re7 Rg8
23.gxf3 d3 24.Rxd3 Qc1+ 25.Kg2 Qg5+ 26.Kf1 Qc1+ 27.Ke2 Qxb2+ 28.Rd2 Qa1 29.Rxd7 Qe5+
30.Kf1 Qa1+ 31.Kg2 Qc3 32.Qd5 Rf8 33.Rc7 Qf6 34.Re2 h5 35.Ree7 Rg8 36.Rf7 Qh4
37.Qe5  1-0

[Event "JUG-ch"]
[Site "Kladovo"]
[Date "1992.??.??"]
[Round "9"]
[White "Miljanic, Boro"]
[Black "Djukic, Zeljko"]
[Result "0-1"]
[WhiteElo "2395"]
[BlackElo "2395"]

1.e4 c5 2.Nf3 Nc6 3.Bb5 e6 4.O-O Nge7 5.b3 a6 6.Bxc6 Nxc6 7.Bb2 d6 8.d4 cxd4
9.Nxd4 Bd7 10.Re1 Qf6 11.Qd2 Be7 12.c4 Qg6 13.Nc3 O-O 14.Nf3 Rfd8 15.Na4 Be8
16.Nb6 Rab8 17.Qe3 Qh5 18.e5 dxe5 19.Nxe5 Nxe5 20.Bxe5 Bd6 21.Bxd6 Rxd6 22.c5 Rdd8
23.b4 Bc6 24.Qg3 Qg6 25.Qxg6 hxg6 26.Red1 Kf8 27.f3 Ke7 28.Kf2 g5 29.h3 e5
30.Ke3 Ke6 31.a3 f5 32.Nc4 Ba4 33.Re1 Rd4 34.Rac1 Bb5 35.Nb6 Rbd8 36.a4 Rd2
37.Rc3 f4+  0-1

[Event "JUG-ch"]
[Site "Kladovo"]
[Date "1992.??.??"]
[Round "10"]
[White "Vratonjic, Slobodan"]
[Black "Knezevic, Bojan"]
[Result "1-0"]
[WhiteElo "2280"]
[BlackElo "2310"]

1.e4 c5 2.Nf3 Nc6 3.Bb5 Nf6 4.Nc3 e5 5.O-O d6 6.h3 Be7 7.d3 h6 8.Ne2 O-O
9.c3 a6 10.Ba4 b5 11.Bb3 d5 12.exd5 Nxd5 13.Ng3 Nb6 14.Re1 Bd6 15.Qe2 Re8
16.Qe4 Bd7 17.Bxh6 c4 18.Bg5 Be7 19.Bxe7 Qxe7 20.dxc4 bxc4 21.Bxc4 Nxc4 22.Qxc4 Rec8
23.Qe4 f6 24.Nh4 Qe6 25.Rad1 Ne7 26.Ng6 Nxg6 27.Qxg6 Be8 28.Qb1 Bf7 29.Nf5 Rc7
30.Qe4 Rb8 31.Rd6 Qxa2 32.Qg4 Bd5 33.Rxf6 Qc4 34.Qg5 Rxb2 35.Re3  1-0

[Event "JUG-ch"]
[Site "Kladovo"]
[Date "1992.??.??"]
[Round "11"]
[White "Popov, Stevan"]
[Black "Pavlovic, Dragoljub"]
[Result "1/2-1/2"]
[WhiteElo "2340"]
[BlackElo "2360"]

1.e4 c5 2.Nf3 Nc6 3.Bb5 e6 4.O-O Nge7 5.Re1 a6 6.Bf1 d5 7.exd5 Nxd5 8.d4 Nf6
9.c3 cxd4 10.cxd4 Be7 11.Nc3 O-O 12.Bg5 b5 13.Qd2 Bb7 14.Rad1 Rc8 15.a3 Na5
16.Ne5 Nd5 17.Bxe7 Nxe7 18.a4 Nc4 19.Nxc4 bxc4 20.Ne4 Rc7 21.Nc5 Qa8 22.Rc1 Bd5
23.Qf4 Rfc8 24.Bxc4 Bxc4 25.Rxc4 a5 26.Rcc1 Nd5 27.Qd2 Nb4 28.Rc3 Qd5 29.Ne4 Qd8
30.Rec1 h6 31.Rxc7 Rxc7 32.Rxc7 Qxc7 33.h3 Qc2  1/2-1/2

[Event "Kobanya op"]
[Site "Kobanya op"]
[Date "1992.??.??"]
[Round "9"]
[White "Pugachov, Alexey"]
[Black "Zezulkin, Jurij"]
[Result "1-0"]
[WhiteElo "2355"]
[BlackElo "2440"]

1.e4 c5 2.Nf3 Nc6 3.Bb5 d6 4.O-O Bd7 5.Re1 Nf6 6.c3 a6 7.Bf1 Bg4 8.d3 e6
9.h3 Bh5 10.Nbd2 Be7 11.g4 Bg6 12.Nh4 Nd7 13.Ng2 h5 14.f4 hxg4 15.hxg4 Bh4
16.Re3 f6 17.Nxh4 Rxh4 18.Qf3 Ke7 19.Qg3 Qh8 20.Bg2 e5 21.Nf3 Rh7 22.Re2 Bf7
23.g5 Bh5 24.Nh4 Kd8 25.Rf2 fxg5 26.fxg5 g6 27.Be3 Kc7 28.Raf1 Qg7 29.Nf3 Bxf3
30.Rxf3 Qe7 31.Qg4 Rf8 32.Rxf8 Nxf8 33.Rf6 Rf7 34.Qh4 Nd8 35.d4 cxd4 36.cxd4 Nde6
37.Qf2 Rxf6 38.gxf6 Qf7 39.dxe5 dxe5 40.Bb6+ Kc6 41.Ba7 Qc7 42.Qd2 Nf4 43.Qc3+ Kd7
44.Qxc7+ Kxc7 45.Bc5 Nh7 46.f7 Ne6 47.Ba3 Kc6 48.Bf1 b5 49.Be7 Kd7 50.Bb4 Kc6
51.a4 Nc5 52.a5 Ne6 53.Bd3 Kd7 54.Bb1 Nef8 55.Ba2 Kc6 56.Bd5+ Kc7 57.Kf2 Nd7
58.Be6 Ndf8 59.Bh3 Ng5 60.Bxf8 Nxh3+ 61.Ke3 Ng5 62.Bd6+  1-0

[Event "Kobanya op"]
[Site "Kobanya op"]
[Date "1992.??.??"]
[Round "10"]
[White "Emodi, Gyula"]
[Black "Bagaturov, Giorgi"]
[Result "0-1"]
[WhiteElo "2345"]
[BlackElo "2420"]

1.e4 c5 2.Nf3 Nc6 3.Bb5 g6 4.O-O Bg7 5.c3 Nf6 6.Re1 O-O 7.d4 cxd4 8.cxd4 d5
9.e5 Ne4 10.Nc3 Bf5 11.Be3 Nxc3 12.bxc3 Na5 13.Nh4 Bd7 14.Bd3 Rc8 15.Rc1 Nc4
16.Bf4 Nb2 17.Qd2 Nxd3 18.Qxd3 Qa5 19.Qd2 Rc4 20.Re3 Rfc8 21.h3 b5 22.Rf3 b4
23.Bg5 Rxc3 24.Rb1 f6 25.exf6 exf6 26.Rxf6 Bxf6 27.Bxf6 R3c6 28.Be5 Qd8 29.Nf3 a5
30.Ne1 Bf5 31.Rb2 Rc1 32.Kh2 R1c3 33.Qh6 Qf8 34.Qh4 Be4 35.Re2 a4 36.f3 Bf5
37.g4 Bd3 38.Rd2 Bc2 39.f4 b3 40.axb3 axb3 41.f5 R3c6 42.Rf2 Be4 43.Ng2 Qf7
44.fxg6 Qxg6 45.Nf4 Qh6 46.Qe7 Rc2 47.Rxc2 Rxc2+ 48.Kg3 Rc3+ 49.Kh2 b2 50.Bd6 Rc2+
51.Kg3 Rc3+ 52.Kh2 Rc8 53.g5 b1=Q 54.gxh6 Qh1+ 55.Kg3 Rc3+ 56.Kh4 Qe1+ 57.Kg5 Qg3+
58.Kf6 Qh4+ 59.Ke5 Qxe7+ 60.Bxe7 Kf7 61.Bc5 Bh1 62.h4 Re3+ 63.Kf5 Re8 64.Bd6 Be4+
65.Kg4 Rg8+ 66.Kh3 Kf6 67.Be5+ Kf5 68.Ne2 Bg2+ 69.Kh2 Bf3 70.Ng3+ Kg4 71.Kg1 Rf8
72.Kf2 Be4+ 73.Ke1 Bf3 74.Kd2 Kxh4 75.Nf1 Kg5 76.Bg7 Ra8 77.Ne3 Be4 78.Nd1 Ra2+
79.Kc3 Rc2+ 80.Kb4 Rc4+ 81.Ka3 Rc6 82.Kb4 Rc4+ 83.Ka3 Rc1 84.Nb2 Rc6 85.Kb4 Rxh6
86.Bxh6+ Kxh6 87.Nd1 Kg5 88.Kc3 Kf4 89.Kd2 Kf3 90.Ke1 h5 91.Kf1 Bd3+ 92.Kg1 Ke4
93.Kf2 Kxd4 94.Ne3 Be4 95.Nf1 h4 96.Nh2 Ke5 97.Ng4+ Kf4 98.Ne3 h3 99.Nf1 d4
100.Nd2 h2  0-1

[Event "Kuopio op"]
[Site "Kuopio"]
[Date "1992.??.??"]
[Round "2"]
[White "Binham, Timothy F"]
[Black "Maki Uuro, Miikka"]
[Result "1-0"]
[WhiteElo "2330"]
[BlackElo "2415"]

1.e4 c5 2.Nf3 Nc6 3.Bb5 g6 4.O-O Bg7 5.c3 a6 6.Bxc6 bxc6 7.d4 cxd4 8.cxd4 d6
9.Nc3 Bg4 10.Be3 Rb8 11.Qa4 Qc8 12.Nd2 Bd7 13.Qa3 Nf6 14.e5 dxe5 15.dxe5 Ng4
16.Bc5 O-O 17.Bxe7 Re8 18.Nc4 Nxe5 19.Nd6 Qc7 20.Nxe8 Rxe8 21.Bd6 Qb7 22.Qb3 Qa8
23.Rad1 Be6 24.Qc2 Qc8 25.Ne4 Bd5 26.f3 Nc4 27.Bc5 Qf5 28.b3 Bxe4 29.Qxc4 Bd5
30.Qd3 Qh5 31.Rfe1 Ra8 32.Qe3 Be6 33.Bd4 Bf8 34.Qe5 Qxe5 35.Bxe5 a5 36.Bf6 Bc5+
37.Kf1 a4 38.Rc1 Bb4 39.Re4 c5 40.bxa4 Bf5 41.Re7 Bd3+ 42.Kf2 c4 43.Rc7 Re8
44.R7xc4 Bxc4 45.Rxc4 Be1+ 46.Kf1 Ba5 47.Rc5 Ra8 48.Rd5 h6 49.Ke2 g5 50.Kd3 Bc7
51.Rd4 Kh7 52.h4 Kg6 53.hxg5 hxg5 54.Be7  1-0

[Event "Kuopio op"]
[Site "Kuopio"]
[Date "1992.??.??"]
[Round "8"]
[White "Maki, Veijo"]
[Black "Vooremaa, Andres"]
[Result "1/2-1/2"]
[WhiteElo "2415"]
[BlackElo "2335"]

1.e4 c5 2.Nf3 Nc6 3.Bb5 Na5 4.Be2 d6 5.c3 g6 6.d4 Bg7 7.dxc5 dxc5 8.Qxd8+ Kxd8
9.O-O Bg4 10.Rd1+ Ke8 11.Be3 b6 12.Na3 Bh6 13.Bxh6 Nxh6 14.b4 Nb7 15.h3 Bxf3
16.Bxf3 e5 17.Rd5 f6 18.Rad1 Rf8 19.Be2 Rf7 20.Ba6 cxb4 21.cxb4 Re7 22.Nb5 Nf7
23.Rc1 Kf8 24.Rc6 Kg7 25.Rc7 Rxc7 26.Nxc7 Rb8 27.Bxb7 Rxb7 28.Ne8+ Kf8 29.Nxf6 Ke7
30.Nxh7 Rc7 31.f3 Rc1+ 32.Kh2 Rc8 33.f4 exf4 34.Ng5 Nd6 35.Re5+ Kf6 36.Rd5 Nc4
37.h4 Ne3 38.Rd6+ Ke5 39.Re6+ Kd4 40.Nf3+ Kc3 41.Rxg6 Kxb4 42.h5  1/2-1/2

[Event "ARG-ch sf1"]
[Site "La Plata"]
[Date "1992.??.??"]
[Round "?"]
[White "Szmetan, Jorge"]
[Black "Amura, Claudia Noemi"]
[Result "1/2-1/2"]
[WhiteElo "2400"]
[BlackElo "2355"]

1.e4 c5 2.Nf3 Nc6 3.Bb5 e6 4.O-O Nge7 5.Re1 a6 6.Bxc6 Nxc6 7.d4 cxd4 8.Nxd4 Qc7
9.Nc3 Bd6 10.Nxc6 bxc6 11.Qh5 Be5 12.f4 Bxf4 13.Bxf4 Qxf4 14.Rf1 Qe3+ 15.Kh1 O-O
16.Rae1 Qd4 17.Rd1 Qb4 18.Rd3 d5 19.Rh3 h6 20.Rg3 Qxb2 21.Qxh6 Qxc3 22.Qg5 Qxg3
23.Qxg3 dxe4 24.Qc7 a5 25.Qxc6 Ba6 26.Re1 Rfc8 27.Qxe4 Bc4 28.a3 Bd5 29.Qd3 Rc4
30.Re3 Rac8 31.c3 a4 32.Rg3 f5 33.h3 f4 34.Rg4 Rxc3 35.Qd4 Rxh3+ 36.Kg1 Rc1+
37.Kf2 Rc2+ 38.Kg1 Rc1+  1/2-1/2

[Event "ARG-ch sf1"]
[Site "La Plata"]
[Date "1992.??.??"]
[Round "?"]
[White "Rosito, Jorge"]
[Black "Filgueira, Hernan"]
[Result "1/2-1/2"]
[WhiteElo "2345"]
[BlackElo "2285"]

1.e4 c5 2.Nf3 Nc6 3.Bb5 e6 4.O-O Nge7 5.b3 a6 6.Bxc6 Nxc6 7.Bb2 b5 8.a4 Bb7
9.Qe2 b4 10.d3 d6 11.Nbd2 e5 12.Ne1 Qc7 13.f4 f6 14.Nc4 a5 15.Qh5+ g6 16.Qh4 Be7
17.fxe5  1/2-1/2

[Event "Linares NL"]
[Site "Linares"]
[Date "1992.??.??"]
[Round "?"]
[White "Garmendez Gonzalez, Carlos"]
[Black "Espinoza Flores, Rafael"]
[Result "1/2-1/2"]
[WhiteElo "2240"]
[BlackElo "2430"]

1.e4 c5 2.Nf3 Nc6 3.Bb5 Nf6 4.Nc3 Nd4 5.e5 Nxb5 6.Nxb5 Nd5 7.c4 Nb4 8.O-O g6
9.d4 a6 10.Nc3 cxd4 11.Ne4 Bg7 12.Bg5 O-O 13.Qd2 Nc6 14.Bh6 Qa5 15.Qxa5 Nxa5
16.Bxg7 Kxg7 17.c5 Nc6 18.Rac1 Rb8 19.Ned2 b6 20.cxb6 Rxb6 21.Nc4 Rb5 22.Rfd1 Bb7
23.Nxd4 Nxd4 24.Rxd4 Bc6 25.h3 Rc8 26.Rcd1 Rc7 27.b3 h6 28.f3 Kf8 29.Kf2 Kg7
30.R1d2 f6 31.exf6+ Kxf6 32.Re2 Rd5 33.Rxd5 Bxd5 34.Ne5 Be6 35.Kg3 g5 36.h4 Rc5
37.hxg5+ hxg5 38.Nd3 Rc3 39.Nf2 Bf5 40.Ne4+ Bxe4 41.Rxe4 d5 42.Ra4 Rc6 43.Kf2 e5
44.Ke3 Kf5 45.g4+ Ke6 46.Kd3 Kd6 47.Ra5 Rb6 48.Kc3 Rc6+ 49.Kd3 Rb6 50.Kc3 Rc6+
51.Kd3 Rb6 52.Kc3 Rc6+ 53.Kd3 Rb6 54.Kc3 Rc6+ 55.Kd3 Rb6 56.Kc3 Rc6+ 57.Kd3 Rb6
58.Kc3  1/2-1/2

[Event "Linares NL"]
[Site "Linares"]
[Date "1992.??.??"]
[Round "?"]
[White "Alonso, Rene"]
[Black "Martin del Campo, Roberto"]
[Result "1-0"]
[WhiteElo "2395"]
[BlackElo "2425"]

1.e4 c5 2.Nf3 Nc6 3.Bb5 Nf6 4.Bxc6 dxc6 5.d3 g6 6.h3 Bg7 7.O-O O-O 8.Be3 b6
9.Nc3 Nd7 10.Qd2 e5 11.Bh6 Qe7 12.Rae1 Rd8 13.Nh2 Bh8 14.f4 exf4 15.Qxf4 Be5
16.Qf2 Bd4 17.Be3 Ne5 18.Nf3 Nxf3+ 19.Qxf3 Be5 20.Bf4 Bd4+ 21.Kh1 f6 22.Qg3 Be5
23.Re3 Rf8 24.Ne2 Bd7 25.Ref3 Rae8 26.Bxe5 Qxe5 27.Qxe5 fxe5 28.Ng1 Rxf3
29.Nxf3 h6 30.Nd2 Be6 31.b3 Kg7 32.Kg1 g5 33.Nf3 Bc8 34.g4 Kg6 35.Kg2 Bd7
36.Kg3 h5 37.gxh5+ Kxh5 38.Nh2 Kg6 39.Ng4 Re7 40.Rf6+ Kg7 41.Rd6 Be8 42.Ne3 Kf8
43.Nf5 Rh7 44.Rd8 b5 45.Ra8 Rd7 46.Kg4 c4 47.dxc4 bxc4 48.Kxg5 c3 49.Kf6 Rd2
50.Kxe5 Rxc2 51.Nd6 Rxa2 52.Rxe8+ Kg7 53.Nf5+ Kh7 54.Re7+ Kh8 55.Rc7 Ra5+
56.Kd4 Rc5 57.Ne3 c2 58.Nxc2 Rxc2 59.Rxa7 Rh2 60.Rc7 Rxh3 61.Rxc6 Rxb3 62.Rg6  1-0

[Event "Linares NL"]
[Site "Linares"]
[Date "1992.??.??"]
[Round "?"]
[White "Espinoza Flores, Rafael"]
[Black "Hernandez, Gilberto"]
[Result "1/2-1/2"]
[WhiteElo "2430"]
[BlackElo "2480"]

1.e4 c5 2.Nf3 Nc6 3.Bb5 e6 4.O-O Nge7 5.Re1 a6 6.Bxc6 Nxc6 7.Nc3 Be7 8.d4 cxd4
9.Nxd4 O-O 10.Nxc6 bxc6 11.Qg4 e5 12.Qg3 f6 13.Bh6 Rf7 14.Rad1 d6 15.Bc1 f5
16.Qd3 Be6 17.Na4 Qc7 18.c4 fxe4 19.Qxe4 Raf8 20.f3 Bf5 21.Qe2 Bh4 22.Rf1 Be6
23.Nc3 Qb6+ 24.Kh1 Qb4 25.c5 Qxc5 26.Ne4 Qc4 27.Qxc4 Bxc4 28.Nxd6 Bxf1 29.Nxf7 Be2
30.Rd2 Bxf3 31.gxf3 Rxf7 32.Kg2 Rc7 33.Re2 Bf6 34.Re4 Kf7 35.Ra4 Ra7 36.Be3 Ra8
37.Rc4 Rc8 38.Ra4  1/2-1/2

[Event "Lippstadt"]
[Site "Lippstadt"]
[Date "1992.??.??"]
[Round "?"]
[White "Mainka, Romuald"]
[Black "Brenke, Andreas"]
[Result "1/2-1/2"]
[WhiteElo "2550"]
[BlackElo "2315"]

1.e4 c5 2.Nf3 Nc6 3.Bb5 g6 4.O-O Bg7 5.c3 Nf6 6.Re1 O-O 7.d4 Qb6 8.Na3 cxd4
9.e5 Nd5 10.cxd4 d6 11.Bc4 Be6 12.Bb3 dxe5 13.Nc4 Qc7 14.Ncxe5 Rad8 15.Qe2 Nxe5
16.dxe5 Bg4 17.Bd2 Qb6 18.Rad1 Nb4 19.Bc3 Nc6 20.e6 fxe6 21.Bxe6+ Bxe6 22.Qxe6+ Kh8
23.Rxd8 Qxd8 24.Ng5 Bxc3 25.Qh3 h5 26.Qxc3+ Qd4 27.Qxd4+ Nxd4 28.Rxe7 Rc8
29.g3 Rc5 30.Nf7+ Kg8 31.Rxb7 g5 32.f4 g4 33.Ne5 Rc2 34.a4 Nf5 35.Rb3 Rc1+
36.Kg2 Rc2+ 37.Kf1 Rc1+ 38.Kf2 Rc2+ 39.Kg1 Rc1+ 40.Kg2 Rc2+ 41.Kg1  1/2-1/2

[Event "Lippstadt"]
[Site "Lippstadt"]
[Date "1992.??.??"]
[Round "?"]
[White "Glek, Igor V"]
[Black "Ree, Hans"]
[Result "1/2-1/2"]
[WhiteElo "2520"]
[BlackElo "2450"]

1.e4 c5 2.Nf3 Nc6 3.Bb5 g6 4.O-O Bg7 5.c3 e5 6.d4 cxd4 7.cxd4 exd4 8.Bf4 Nge7
9.Bd6 O-O 10.Nbd2 Re8 11.Rc1 h6 12.Bc4 b5 13.Bxb5 Bb7 14.Re1 Nc8 15.Bc5 Nb6
16.Nb3 Rc8 17.Qd3 d5 18.Bxc6 Bxc6 19.e5 Nc4 20.Bxd4 Bd7 21.Nbd2 Bf5 22.Qe2 Qa5
23.Bc3 Qb6 24.Nxc4 dxc4 25.Nd2 Bd3 26.Qf3 Rcd8 27.Ne4 Re6 28.Nd6 Rf8 29.b3 Qa6
30.bxc4 Bxc4 31.a3 Bb5 32.Bb4 Ba4 33.Rc7 Rxe5 34.Rxe5 Bxe5 35.Nxf7 Bxc7 36.Nxh6+ Kh7
37.Qxf8 Qd3 38.Qe7+ Kxh6 39.Qh4+ Kg7 40.Qe7+ Kh6 41.Qh4+ Kg7 42.Qe7+ Kh6  1/2-1/2

[Event "Lippstadt"]
[Site "Lippstadt"]
[Date "1992.??.??"]
[Round "?"]
[White "Glek, Igor V"]
[Black "Boensch, Uwe"]
[Result "1/2-1/2"]
[WhiteElo "2520"]
[BlackElo "2490"]

1.e4 c5 2.Nf3 Nc6 3.Bb5 e6 4.O-O Nge7 5.b3 a6 6.Bxc6 Nxc6 7.Bb2 b5 8.a4 b4
9.d4 cxd4 10.Nxd4 Bb7 11.Nxc6 Bxc6 12.Qe2 Qh4  1/2-1/2

[Event "Lisbon-chB"]
[Site "Lisbon"]
[Date "1992.??.??"]
[Round "1"]
[White "Cordovil, Joao"]
[Black "Damaso, Rui"]
[Result "1/2-1/2"]
[WhiteElo "2300"]
[BlackElo "2450"]

1.e4 c5 2.Nf3 Nc6 3.Bb5 e6 4.O-O Nge7 5.d4 cxd4 6.Nxd4 Qb6 7.Nxc6 bxc6 8.Bd3 Ng6
9.Kh1 Be7 10.f4 O-O 11.Nd2 d5 12.Qe2 f5 13.exf5 exf5 14.Nf3 Bf6 15.c3 Bd7
16.Be3 Qc7 17.Qc2 Nxf4 18.Bxf5 Bxf5 19.Qxf5 Ng6 20.Bc5 Rf7 21.Ng5 Bxg5 22.Qxg5 Re8
23.Rae1 Qe5 24.Qxe5 Rxe5 25.Kg1 a6 26.Rxe5 Rxf1+ 27.Kxf1 Nxe5 28.Ke2 Kf7
29.h3 g6 30.b3 Ke6 31.Ke3 Nf7 32.Ba7 Nd8 33.Kd4 Nb7 34.c4 dxc4 35.bxc4 Kf6
36.Bb6 Ke6 37.g4 Kd6 38.c5+ Ke6 39.h4 Kf6 40.Ke4 Ke6 41.g5 Kf7 42.Ke5 Ke7
43.Bc7 Kf7  1/2-1/2

[Event "ESP-ch"]
[Site "Madrid"]
[Date "1992.??.??"]
[Round "8"]
[White "Sanz Alonso, Francisco Javier"]
[Black "Gomez Jurado, Luis Alberto"]
[Result "1/2-1/2"]
[WhiteElo "2425"]
[BlackElo "2215"]

1.e4 c5 2.Nf3 Nc6 3.Bb5 Nf6 4.Nc3 e5 5.Bxc6 dxc6 6.Nxe5 Nxe4 7.Nxe4 Qd4 8.Qe2 Qxe5
9.f4 Qe6 10.f5 Qe5 11.O-O Be7 12.d4 Qxd4+ 13.Kh1 O-O 14.c3 Qe5 15.f6 gxf6
16.Qf3 Kh8 17.Bf4 Qf5 18.Qe3 Rg8 19.Rf2 Qg6 20.Nxc5 Bxc5 21.Qxc5 Be6 22.Bg3 Bd5
23.Rg1 Qh5 24.Qd6 Rae8 25.Qxf6+ Rg7 26.Bh4 Kg8 27.Rf5  1/2-1/2

[Event "Balkaniad"]
[Site "Mangalia"]
[Date "1992.??.??"]
[Round "1"]
[White "Janev, Evgeni"]
[Black "Mastrokoukos, Georgios"]
[Result "1/2-1/2"]
[WhiteElo "2360"]
[BlackElo "2330"]

1.e4 c5 2.Nf3 Nc6 3.Bb5 g6 4.O-O Bg7 5.c3 Nf6 6.Re1 O-O 7.h3 a6 8.Bf1 e5
9.d4 cxd4 10.cxd4 exd4 11.Nxd4 Nxd4 12.Qxd4 Re8 13.e5 d6 14.Rd1 Nd7 15.Qxd6 Bxe5
16.Qa3 Qf6 17.Nd2 Bd4 18.Nf3 Bc5 19.Qa4 b5 20.Qc2 Qb6 21.Bg5 Nf8 22.Rac1 Ne6
23.Re1 Bf8 24.Be3 Qb8 25.a4 Bb7 26.Nd2 Qe5 27.Bh6 Qd4 28.Bxf8 Rxf8 29.axb5 Rac8
30.Qd1 axb5 31.Nb3 Qxb2 32.Rb1 Qf6 33.Bxb5 Bxg2 34.Kxg2 Qg5+ 35.Qg4 Qxb5
36.Kg1 Qd5 37.Qg3 Rc4 38.Rbd1 Qf5 39.Re5 Qf6 40.Nd2 Rcc8 41.Ne4 Qf4 42.Rd7 Rc2
43.Kg2 h6 44.h4 Qxg3+ 45.Kxg3 Rc7 46.Rxc7 Nxc7 47.h5 Kg7 48.Nc5 g5 49.f4 gxf4+
50.Kg4 Ne6 51.Kf5 Nxc5 52.Rxc5 Ra8 53.Rc4 Ra5+ 54.Kg4 Rg5+ 55.Kh4 Re5 56.Kg4 Rg5+
57.Kh4 Rb5  1/2-1/2

[Event "Manila ol (Men)"]
[Site "Manila"]
[Date "1992.??.??"]
[Round "?"]
[White "Berend, Fred"]
[Black "Hernandez, Gilberto"]
[Result "1/2-1/2"]
[WhiteElo "2275"]
[BlackElo "2495"]

1.e4 c5 2.Nf3 Nc6 3.Bb5 e6 4.O-O Nge7 5.Nc3 a6 6.Bxc6 Nxc6 7.d4 cxd4 8.Nxd4 d6
9.Re1 Be7 10.Nxc6 bxc6 11.Qg4 g6 12.Bh6 e5 13.Qg3 Be6 14.Rad1 Rg8 15.Bc1 Qc7
16.b3 f6 17.Qe3 h5 18.Ba3 Rd8 19.Na4 h4 20.Rd3 Kf7 21.Red1 d5 22.Nc5 Bxc5
23.Qxc5 dxe4 24.Rd6 Rxd6 25.Qxd6 Qxd6 26.Rxd6 Rc8 27.h3 g5 28.Bc5 f5 29.Bb6 Ke7
30.Bc5 Kf6 31.Bb6 Ke7 32.Bc5 Kf6 33.Bb6 Ke7  1/2-1/2

[Event "Manila ol (Men)"]
[Site "Manila"]
[Date "1992.??.??"]
[Round "?"]
[White "Kveinys, Aloyzas"]
[Black "Grivas, Efstratios"]
[Result "1/2-1/2"]
[WhiteElo "2485"]
[BlackElo "2465"]

1.e4 c5 2.Nf3 Nc6 3.Bb5 d6 4.O-O Bd7 5.Re1 Nf6 6.c3 a6 7.Bf1 Bg4 8.d3 e6
9.Be3 Be7 10.h3 Bh5 11.Nbd2 h6 12.a3 d5 13.b4 d4  1/2-1/2

[Event "Manila ol (Women)"]
[Site "Manila"]
[Date "1992.??.??"]
[Round "?"]
[White "Velikhanli, Firuza"]
[Black "Skripchenko, Almira"]
[Result "1-0"]
[WhiteElo "2230"]
[BlackElo "2155"]

1.e4 c5 2.Nf3 Nc6 3.Bb5 e6 4.O-O Nge7 5.Re1 Ng6 6.c3 a6 7.Ba4 b5 8.Bc2 d6
9.d4 Be7 10.Nbd2 O-O 11.Nf1 Bb7 12.Ng3 Rc8 13.Be3 Qa5 14.d5 Nb8 15.dxe6 fxe6
16.Ng5 Bxg5 17.Bxg5 Qc7 18.Qd2 h6 19.Be3 Ne5 20.Qe2 Nbd7 21.Rad1 Nf6 22.f4 Nc4
23.Bc1 Nb6 24.e5 dxe5 25.fxe5 Nfd7 26.Qd3 Rf7 27.Qh7+ Kf8 28.Bg6 Qc6 29.Ne4 Nxe5
30.Bxf7 Nxf7 31.Be3 Na4 32.b3 Qxe4 33.Qxe4 Bxe4 34.bxa4 Bd5 35.axb5 axb5
36.Rd2 Nd6 37.Rb2 Bc4 38.Bf4 Ke7 39.Rd2 Nf7 40.Red1 Bd5 41.Ra1 Ra8 42.Be3 Kd6
43.a4 Ra5 44.Rf1 Ne5 45.axb5 Nc4 46.Re2 Rxb5 47.Rf7 g5 48.Rh7 Rb1+ 49.Kf2 Ne5
50.Bxc5+ Kxc5 51.Rxe5 Kc4 52.Rxh6 Kxc3 53.Rxg5 Rb2+ 54.Ke3 Rb1 55.h4 Re1+
56.Kf2 Kd2 57.h5 Be4 58.Rf6 e5 59.Rd6+  1-0

[Event "Manila ol (Women)"]
[Site "Manila"]
[Date "1992.??.??"]
[Round "?"]
[White "Segal, Anna"]
[Black "Ankerst, Milka"]
[Result "0-1"]
[WhiteElo "2190"]
[BlackElo "2195"]

1.e4 c5 2.Nf3 Nc6 3.Bb5 e6 4.Bxc6 bxc6 5.O-O Ne7 6.Re1 Ng6 7.c3 Be7 8.d4 O-O
9.Be3 cxd4 10.cxd4 f5 11.Nc3 Ba6 12.e5 Nh4 13.Nxh4 Bxh4 14.g3 Be7 15.Rc1 Rb8
16.Qa4 Bc8 17.Qc2 a5 18.Na4 g5 19.f4 gxf4 20.Bxf4 Rb4 21.Rcd1 Ba6 22.b3 Kh8
23.Nc5 Bc8 24.Rf1 Rg8 25.a3 Rb8 26.Qc3 Rb5 27.Be3 Qb6 28.Rb1 Qd8 29.Rb2 Rg4
30.Rf4 Qg8 31.Rxg4 Qxg4 32.Qd2 h5 33.Rb1 h4 34.Qf2 Rb8 35.Qf4 Qxf4 36.gxf4 Bxc5
37.dxc5 Ba6 38.Rb2 Bc4 39.b4 Kh7 40.h3 Bd5 41.Bf2 axb4 42.Rxb4 Ra8 43.Rb7 Rxa3
44.Rxd7+ Kg6 45.Bxh4 Rxh3 46.Be1 Rf3 47.Bd2 Rd3 48.Be1 Rd4 49.Bg3 Rc4 50.Kf1 Rxc5
51.Ke2 Rc2+ 52.Kd1 Ra2 53.Rc7 Kh5 54.Be1 Kg4 55.Bd2 Kf3 56.Rh7 Bb3+ 57.Kc1 Rc2+
58.Kd1 Rc4+ 59.Ke1 Re4+ 60.Kf1 Bc4+ 61.Kg1 Re2 62.Rh3+  0-1